| 000 | 00783naa a22002297u 4500 | ||
|---|---|---|---|
| 001 | 17655 | ||
| 003 | HDC | ||
| 007 | cr bn ---aaaaa | ||
| 008 | 210224t201104 xx 000 0 eng | ||
| 040 | _aHDC | ||
| 245 | 0 | _aHalal Laboratory in the Philippines now in operation | |
| 260 |
_a[No place] : _b[publisher not identified], _c[no year] |
||
| 336 |
_atext _2rdacontent |
||
| 337 |
_acomputer _2rdamedia |
||
| 338 |
_aonline resource _2rdacarrier |
||
| 650 |
_aHalal food _zPhilippines _916366 |
||
| 650 |
_aLaboratories _zPhilippines _916942 |
||
| 856 | _zRequest full-text at [email protected] | ||
| 942 | _2lcc | ||
| 942 | _cEIJ | ||
| 942 | _kEMAG 000633 | ||
| 999 |
_c14971 _d14971 |
||